000 00949nam a2200277 a 4500
001 1571
003 BR-CuiBMT
005 20231215215601.0
008 231130s2008 dfba 000 0 por d
040 _aBR-CuiBMT
_cBR-CuiBMT
080 _a324
_22007
090 _a324
_bB823e
_c3. ed.
110 1 _aBrasil.
_bTribunal Superior Eleitoral.
245 1 0 _aEleições 2008 :
_binstruções do TSE /
_cTribunal Superior Eleitoral, Secretaria de Gestão da Informação.
250 _a3. ed. atual.
260 _aBrasília :
_bTSE,
_c2008.
300 _a363 p. :
_bil. ;
_c23 cm
500 _aAtualizada até 3.7.2008.
500 _aInclui texto integral da Lei n. 9.504, de 30.9.97.
504 _aInclui bibliografia.
650 _aEleições
_vLegislação
_zBrasil
650 _aInstruções eleitorais
_xResolução
_zBrasil
650 _aInstrução normativa conjunta
_xTSE-RFB
_zBrasil
650 _aPortaria conjunta
_xTSE/SRF
942 _2udc
_cLV
999 _c1571
_d1571